[Event "Chigorin Memorial"]
[Site "St Petersburg"]
[Date "2015.10.07"]
[Round "5.26"]
[White "Rjabzev, Konstantin"]
[Black "Soffer, Ram"]
[Result "1/2-1/2"]
[WhiteElo "2298"]
[BlackElo "2479"]
[PlyCount "91"]
[EventDate "2015.10.03"]
[EventRounds "9"]
[EventCountry "RUS"]

1. e4 c5 2. Nf3 e6 3. g3 Nc6 4. Bg2 Nf6 5. Qe2 e5 6. O-O Be7 7. d3 O-O 8. Nbd2
Re8 9. Nc4 Bf8 10. c3 d5 11. exd5 Nxd5 12. Ng5 h6 13. Ne4 Be6 14. Ne3 f5 15.
Nxd5 Bxd5 16. c4 Nd4 17. Qd1 Bc6 18. Nc3 Qd7 19. Nd5 e4 20. Be3 Bxd5 21. cxd5
Qxd5 22. Bxd4 cxd4 23. Re1 Re5 24. f4 exf3 25. Qxf3 Qxf3 26. Bxf3 Rb5 27. a4
Rxb2 28. Rab1 Rb4 29. Rxb4 Bxb4 30. Bxb7 Rf8 31. Re5 a5 32. Kf2 g6 33. Rd5 Bc3
34. Rd6 Kg7 35. Rd7+ Kf6 36. Rd6+ Kg7 37. Rd7+ Kf6 38. Rd6+ Kf7 39. Bd5+ Kg7
40. Rd7+ Kf6 41. Bc4 h5 42. h4 Bb2 43. Kf3 Bc3 44. Kg2 Bb2 45. Kf3 Bc3 46. Kg2
1/2-1/2

[Event "Chigorin Memorial"]
[Site "St Petersburg"]
[Date "2015.10.07"]
[Round "5.27"]
[White "Ulko, Jaroslav"]
[Black "Semiev, Suhrab"]
[Result "1/2-1/2"]
[WhiteElo "2467"]
[BlackElo "2306"]
[PlyCount "88"]
[EventDate "2015.10.03"]
[EventRounds "9"]
[EventCountry "RUS"]

1. d4 d6 2. e4 Nd7 3. Nf3 Ngf6 4. e5 Nd5 5. c4 N5b6 6. e6 fxe6 7. Ng5 Nf6 8.
Bd3 g6 9. h4 Bh6 10. Nc3 c6 11. Qe2 Qd7 12. a4 a5 13. Be3 Qc7 14. Nxe6 Bxe6 15.
Bxh6 Kd7 16. O-O Rae8 17. d5 Bf7 18. Qf3 Kc8 19. dxc6 bxc6 20. Bg7 Rhg8 21.
Bxf6 exf6 22. Ne4 Nxc4 23. Qxf6 d5 24. Ng5 Ne5 25. Rac1 Kb8 26. Nxf7 Rgf8 27.
Be2 Rxf7 28. Qg5 Ref8 29. f4 Nd7 30. g3 Re8 31. Bf3 Rfe7 32. h5 Qd6 33. hxg6
hxg6 34. Qh4 Nf6 35. Qh2 Ne4 36. Bxe4 Rxe4 37. Qf2 d4 38. Rc4 Qd5 39. b3 Re2
40. Qf3 R8e3 41. Qxd5 Rxg3+ 42. Kh1 cxd5 43. Rxd4 Rh3+ 44. Kg1 Rg3+ 1/2-1/2

[Event "Chigorin Memorial"]
[Site "St Petersburg"]
[Date "2015.10.07"]
[Round "5.28"]
[White "Smirnov, Timofey"]
[Black "Bodnaruk, Anastasia"]
[Result "1/2-1/2"]
[WhiteElo "2289"]
[BlackElo "2459"]
[PlyCount "87"]
[EventDate "2015.10.03"]
[EventRounds "9"]
[EventCountry "RUS"]

1. e4 c5 2. Nf3 d6 3. d4 cxd4 4. Nxd4 Nf6 5. Nc3 a6 6. h3 e5 7. Nde2 h5 8. g3
Be6 9. Bg2 Nbd7 10. Bg5 Be7 11. Qd2 Rc8 12. O-O b5 13. a3 O-O 14. Rad1 Qc7 15.
Kh1 Rfd8 16. f4 Bc4 17. Qe3 a5 18. Rd2 b4 19. axb4 axb4 20. Nd1 Nc5 21. Nf2 d5
22. b3 Bxe2 23. Rxe2 Nfxe4 24. Bxe7 Qxe7 25. Nxe4 dxe4 26. Bxe4 Nxe4 27. Qxe4
Qd7 28. Qg2 exf4 29. Rxf4 Rc3 30. Kh2 Rdc8 31. Rxb4 Qd1 32. Rc4 R3xc4 33. bxc4
Rxc4 34. Qf3 Qd7 35. Qxh5 Qc8 36. Rf2 Qc7 37. Qf5 Rc3 38. Rg2 g6 39. Qe4 f5 40.
Qa4 Kh7 41. Qh4+ Kg8 42. Qf6 Kh7 43. Qh4+ Kg8 44. Qf6 1/2-1/2

[Event "Chigorin Memorial"]
[Site "St Petersburg"]
[Date "2015.10.07"]
[Round "5.29"]
[White "Andersen, Mads"]
[Black "Rozhko, Dmitry"]
[Result "1-0"]
[WhiteElo "2457"]
[BlackElo "2298"]
[PlyCount "81"]
[EventDate "2015.10.03"]
[EventRounds "9"]
[EventCountry "RUS"]

1. c4 c6 2. g3 d5 3. Nf3 Nf6 4. Bg2 g6 5. b3 Bg7 6. Bb2 O-O 7. O-O a5 8. d3 a4
9. Nbd2 Na6 10. Bc3 c5 11. cxd5 Nxd5 12. Bxg7 Kxg7 13. Qc2 axb3 14. Qxb3 e6 15.
Rfc1 Rb8 16. d4 cxd4 17. Nxd4 Nf4 18. Qb2 e5 19. Nf5+ Bxf5 20. Qxe5+ Qf6 21.
gxf4 Nb4 22. Qxf6+ Kxf6 23. Rc4 Rfd8 24. Ne4+ Bxe4 25. Bxe4 Nd5 26. e3 Ke6 27.
Rb1 b5 28. Rc6+ Ke7 29. Rc5 Nf6 30. Rcxb5 Rxb5 31. Rxb5 Rd2 32. a4 Ng4 33. a5
Nxf2 34. Bg2 Ng4 35. a6 Rd1+ 36. Bf1 Ra1 37. h3 Nf6 38. Rb7+ Kd6 39. a7 Kc6 40.
Rxf7 Ne4 41. Kh2 1-0

[Event "Chigorin Memorial"]
[Site "St Petersburg"]
[Date "2015.10.07"]
[Round "5.30"]
[White "Leontiev, Aleksandr V"]
[Black "Kalegin, Evgenij"]
[Result "0-1"]
[WhiteElo "2281"]
[BlackElo "2444"]
[PlyCount "72"]
[EventDate "2015.10.03"]
[EventRounds "9"]
[EventCountry "RUS"]

1. c4 e5 2. Nc3 d6 3. g3 g6 4. d4 Nd7 5. Bg2 Bg7 6. Nf3 Ngf6 7. O-O O-O 8. Qc2
Re8 9. Rd1 c6 10. e4 exd4 11. Nxd4 Qe7 12. b3 Nc5 13. Bb2 a5 14. Rd2 Qc7 15.
Rad1 Qb6 16. Ndb5 Bg4 17. Rxd6 Bxd1 18. Qxd1 Ncxe4 19. Nxe4 Nxe4 20. Bd4 Bxd4
21. Rxd4 Nxf2 22. Kxf2 cxb5 23. Bd5 bxc4 24. bxc4 Re7 25. Kg2 Rae8 26. Rd2 Kg7
27. Qf3 Qe3 28. Rb2 Qxf3+ 29. Kxf3 Re3+ 30. Kf4 Re2 31. Rxb7 Rf2+ 32. Kg4 h5+
33. Kh3 g5 34. Bxf7 Rxf7 35. Rb5 Kg6 36. Rxa5 Re2 0-1

[Event "Chigorin Memorial"]
[Site "St Petersburg"]
[Date "2015.10.07"]
[Round "5.31"]
[White "Iljin, Timofey"]
[Black "Baghdasaryan, Vahe"]
[Result "1/2-1/2"]
[WhiteElo "2266"]
[BlackElo "2439"]
[PlyCount "80"]
[EventDate "2015.10.03"]
[EventRounds "9"]
[EventCountry "RUS"]

1. d4 e6 2. c4 b6 3. e4 Bb7 4. Bd3 f5 5. exf5 Bb4+ 6. Kf1 Nf6 7. c5 bxc5 8. a3
c4 9. Bxc4 Ba5 10. Nf3 O-O 11. Nc3 Bxc3 12. bxc3 d5 13. Bd3 exf5 14. Rb1 Bc8
15. Bf4 Ne4 16. Qc1 Ba6 17. Bxa6 Nxa6 18. g3 c5 19. Kg2 Nc7 20. c4 Ne6 21. dxc5
d4 22. Be5 f4 23. Qe1 N4xc5 24. Rd1 d3 25. Bc3 fxg3 26. hxg3 Qb6 27. Qe5 Rad8
28. Nd4 Qb7+ 29. Kg1 Rde8 30. Nxe6 Nxe6 31. Qd5 Qb6 32. c5 Qxc5 33. Qxc5 Nxc5
34. Bb4 Re5 35. f4 Rd5 36. Bxc5 Rxc5 37. Rxd3 Re8 38. Kf2 Rec8 39. Re1 Rc2+ 40.
Kf3 R2c3 1/2-1/2

[Event "Chigorin Memorial"]
[Site "St Petersburg"]
[Date "2015.10.07"]
[Round "5.33"]
[White "Melnikov, Dmitry"]
[Black "Atabayev, Yusup"]
[Result "0-1"]
[WhiteElo "2272"]
[BlackElo "2428"]
[PlyCount "158"]
[EventDate "2015.10.03"]
[EventRounds "9"]
[EventCountry "RUS"]

1. e4 c5 2. Nf3 d6 3. d4 cxd4 4. Nxd4 Nf6 5. Nc3 a6 6. Be3 e5 7. Nf3 Be7 8. Bc4
O-O 9. O-O Be6 10. Qe2 b5 11. Bb3 Nc6 12. Rfd1 Qc8 13. Bg5 Bg4 14. Bxf6 Bxf6
15. Nd5 Nd4 16. Rxd4 exd4 17. h3 Bh5 18. Nxf6+ gxf6 19. Qd3 Qc5 20. Nxd4 Bg6
21. Rd1 Rfe8 22. f3 Re5 23. Qd2 f5 24. Bd5 Rc8 25. b4 Qb6 26. f4 fxe4 27. fxe5
dxe5 28. c3 exd4 29. cxd4 Qd6 30. Bb3 Qg3 31. Qf2 Qc3 32. d5 e3 33. Qe2 Qe5 34.
d6 Bh5 35. d7 Rd8 36. g4 Bg6 37. Qf3 e2 38. Re1 Qd4+ 39. Qf2 Qxb4 40. Rxe2 Rxd7
41. Qf6 Qd4+ 42. Qxd4 Rxd4 43. Re8+ Kg7 44. Ra8 Rd6 45. Ra7 h5 46. gxh5 Bxh5
47. Kf2 Bg6 48. Kg3 Rf6 49. Bd5 Rd6 50. Bb3 Kf6 51. Kf4 Bh5 52. Ke4 Bg6+ 53.
Kf4 Rd4+ 54. Kg3 Rd3+ 55. Kf4 Rd6 56. Ke3 Rd3+ 57. Kf4 Rd4+ 58. Kg3 Kg5 59.
Rxa6 Rd3+ 60. Kg2 Be4+ 61. Kf2 f5 62. Rb6 Kf4 63. Rxb5 Rxh3 64. Bd5 Rh2+ 65.
Kg1 Rd2 66. Bxe4 fxe4 67. Kf1 Kf3 68. Rf5+ Ke3 69. Rb5 Rd1+ 70. Kg2 Ke2 71. a4
e3 72. a5 Ra1 73. Rd5 Ke1 74. Rb5 e2 75. Rd5 Ra2 76. a6 Rxa6 77. Rd8 Rg6+ 78.
Kh2 Rg5 79. Ra8 Kf2 0-1

[Event "Chigorin Memorial"]
[Site "St Petersburg"]
[Date "2015.10.07"]
[Round "5.34"]
[White "Ushenina, Anna"]
[Black "Elistratov, Semen"]
[Result "1-0"]
[WhiteElo "2426"]
[BlackElo "2283"]
[PlyCount "111"]
[EventDate "2015.10.03"]
[EventRounds "9"]
[EventCountry "RUS"]

1. Nf3 d5 2. c4 d4 3. g3 Nc6 4. Bg2 e5 5. d3 Bb4+ 6. Nbd2 a5 7. O-O Nf6 8. Ne1
O-O 9. a3 Be7 10. b3 Re8 11. Nc2 Ra6 12. Rb1 Rb6 13. Nf3 Bc5 14. Bd2 Qe7 15.
Qc1 e4 16. Nfe1 Bg4 17. f3 exf3 18. exf3 Bf5 19. Rf2 h6 20. Bf1 Qf8 21. Qb2 Nd7
22. f4 Bd6 23. Qc1 Bc5 24. h3 h5 25. Kh2 Nf6 26. Rg2 Qd6 27. Nf3 g6 28. Qb2 Qd7
29. Rf2 Kg7 30. Qc1 Qd6 31. Nh4 Bc8 32. f5 Nh7 33. Bf4 Ne5 34. Qd2 Bxf5 35.
Nxf5+ gxf5 36. Qxa5 Ra6 37. Qd2 Qf6 38. b4 Bf8 39. Bg2 c5 40. bxc5 Bxc5 41.
Rxb7 Bxa3 42. Bd5 Re7 43. Nxd4 Rxb7 44. Bxb7 Rb6 45. Bxe5 Qxe5 46. Nxf5+ Kg8
47. d4 Qf6 48. Bg2 Rb2 49. Qe3 Rxf2 50. Qxf2 Ng5 51. Qf4 Ne6 52. Qe4 Ng5 53.
Qa8+ Kh7 54. Qxa3 Qxf5 55. Qc3 Kg7 56. c5 1-0

[Event "Chigorin Memorial"]
[Site "St Petersburg"]
[Date "2015.10.07"]
[Round "5.35"]
[White "Ibadov, Dashgyn"]
[Black "Eraschenkov, Denis"]
[Result "1-0"]
[WhiteElo "2246"]
[BlackElo "2402"]
[PlyCount "123"]
[EventDate "2015.10.03"]
[EventRounds "9"]
[EventCountry "RUS"]

1. e4 c5 2. Nf3 e6 3. d4 cxd4 4. Nxd4 Nc6 5. Nc3 a6 6. Nxc6 bxc6 7. Bd3 d5 8.
O-O Nf6 9. Qe2 Be7 10. f4 c5 11. e5 c4 12. Bxc4 dxc4 13. exf6 Bxf6 14. Qxc4
Qb6+ 15. Kh1 Bb7 16. Na4 Qb5 17. Qxb5+ axb5 18. Nc3 b4 19. Nb5 O-O 20. a4 Be4
21. Bd2 Bxb2 22. Ra2 Bf6 23. Bxb4 Bd5 24. Ra3 Rfc8 25. c3 Rc4 26. Kg1 g5 27.
Nd6 Rxf4 28. Rxf4 gxf4 29. a5 Bd8 30. a6 Bb6+ 31. Kf1 Ba7 32. c4 Bc6 33. Nb7 e5
34. Bd6 Bd4 35. h3 Rxa6 36. Rxa6 Bxb7 37. Ra5 Be4 38. Bxe5 Bd3+ 39. Ke1 Bxe5
40. Rxe5 Bxc4 41. Rf5 Be6 42. Rxf4 Kg7 43. Kf2 Kg6 44. Rb4 Kg5 45. Rb5+ Kf4 46.
g3+ Ke4 47. Rh5 Bf5 48. Rh4+ Ke5 49. Ke3 Bg6 50. Ra4 Bf5 51. Ra5+ Kf6 52. g4
Be6 53. Kf4 Kg6 54. Rg5+ Kf6 55. Rg8 h6 56. h4 Bb3 57. g5+ hxg5+ 58. hxg5+ Ke6
59. Re8+ Kd7 60. Re3 Bc2 61. Ke5 Ke7 62. Rc3 1-0

[Event "Chigorin Memorial"]
[Site "St Petersburg"]
[Date "2015.10.07"]
[Round "5.36"]
[White "Korchmar, Vasiliy"]
[Black "Evdokimov, Alexey"]
[Result "1/2-1/2"]
[WhiteElo "2402"]
[BlackElo "2193"]
[PlyCount "108"]
[EventDate "2015.10.03"]
[EventRounds "9"]
[EventCountry "RUS"]

1. d4 Nf6 2. c4 g6 3. Nc3 Bg7 4. e4 d6 5. h3 O-O 6. Nf3 e5 7. d5 Nh5 8. g3 Na6
9. Be3 f5 10. exf5 gxf5 11. Ng5 Qe8 12. Be2 Nf6 13. Qd2 Qg6 14. O-O-O Bd7 15.
f4 Rae8 16. Rdg1 Nc5 17. h4 exf4 18. gxf4 Ng4 19. Bd4 Bxd4 20. Qxd4 Qg7 21.
Qxg7+ Kxg7 22. b4 Na6 23. a3 h6 24. Nf3 c6 25. Nd4 h5 26. dxc6 bxc6 27. Nc2 Nc7
28. Rd1 Rf6 29. Rd2 Bc8 30. Rhd1 Ne6 31. Bf3 Nxf4 32. Bxc6 Rd8 33. c5 Ne5 34.
Bh1 Nfg6 35. c6 Ne7 36. b5 Rg6 37. a4 Rg3 38. Ne2 Rg4 39. Rd4 N7g6 40. Ne3 Rxd4
41. Nxd4 f4 42. Nd5 Bg4 43. Rf1 Rf8 44. a5 f3 45. Bxf3 Nxf3 46. Nxf3 Rf5 47.
Ne3 Rxb5 48. Nxg4 hxg4 49. Nd4 Rc5+ 50. Kd2 Kh6 51. Nf5+ Kh7 52. Nd4 g3 53. Rg1
Ne5 54. Rxg3 Nxc6 1/2-1/2

[Event "Chigorin Memorial"]
[Site "St Petersburg"]
[Date "2015.10.07"]
[Round "5.37"]
[White "Ponfilenok, Vladimir"]
[Black "Vorobjev, Dmitry"]
[Result "1-0"]
[WhiteElo "2395"]
[BlackElo "2163"]
[PlyCount "61"]
[EventDate "2015.10.03"]
[EventRounds "9"]
[EventCountry "RUS"]

1. d4 Nf6 2. Nf3 g6 3. g3 Bg7 4. Bg2 O-O 5. O-O d6 6. c4 Nc6 7. Nc3 a6 8. Bf4
Rb8 9. Rc1 b5 10. Nd5 b4 11. Nxf6+ Bxf6 12. d5 Na7 13. Bh6 Re8 14. Nd4 e6 15.
Be3 Bd7 16. dxe6 fxe6 17. Nxe6 Bxe6 18. Bxa7 Bxb2 19. Rc2 Ra8 20. Bxa8 Qxa8 21.
Rxb2 Qxa7 22. Rxb4 Rf8 23. Qb3 Bh3 24. c5+ Kg7 25. Qc3+ Kg8 26. Rc1 Qa8 27.
Qb3+ Kg7 28. Rb7 Rb8 29. Rxc7+ Kh6 30. Qe3+ g5 31. c6 1-0

[Event "Chigorin Memorial"]
[Site "St Petersburg"]
[Date "2015.10.07"]
[Round "5.38"]
[White "Siva, Mahadevan"]
[Black "Opanasenko, Mikhail"]
[Result "1-0"]
[WhiteElo "2392"]
[BlackElo "2153"]
[PlyCount "93"]
[EventDate "2015.10.03"]
[EventRounds "9"]
[EventCountry "RUS"]

1. e4 e6 2. d4 d5 3. Nd2 Nf6 4. e5 Nfd7 5. c3 c5 6. Bd3 Nc6 7. Ngf3 Be7 8. O-O
g5 9. dxc5 g4 10. Nd4 Ndxe5 11. Bb5 Bd7 12. N2b3 h5 13. Re1 Nxd4 14. Bxd7+ Qxd7
15. cxd4 Nc6 16. Bf4 O-O-O 17. a4 Rdg8 18. a5 a6 19. Nc1 Bd8 20. Qd2 Bc7 21.
Bxc7 Qxc7 22. b4 Na7 23. Ne2 h4 24. Nc3 Qc6 25. b5 axb5 26. a6 bxa6 27. Ra5 h3
28. g3 Kb7 29. Rea1 e5 30. Rxa6 Qxa6 31. Rxa6 Kxa6 32. Qa2+ Kb7 33. Qxd5+ Ka6
34. Qa2+ Kb7 35. Qxf7+ Kb8 36. c6 Nxc6 37. Nxb5 Rc8 38. d5 Rhf8 39. Qh7 Ne7 40.
Qb1 Nxd5 41. Nc3+ Kc7 42. Nxd5+ Kd6 43. Ne3 Rf7 44. Qb4+ Rc5 45. Qb6+ Rc6 46.
Nc4+ Kd5 47. Qxc6+ 1-0

[Event "Chigorin Memorial"]
[Site "St Petersburg"]
[Date "2015.10.07"]
[Round "5.39"]
[White "Gogin, Maksim"]
[Black "Bublei, Pavel"]
[Result "1/2-1/2"]
[WhiteElo "2220"]
[BlackElo "2380"]
[PlyCount "82"]
[EventDate "2015.10.03"]
[EventRounds "9"]
[EventCountry "RUS"]

1. d4 Nf6 2. Bg5 d5 3. Bxf6 exf6 4. e3 c5 5. Nf3 Nc6 6. c3 Qb6 7. Qc2 g6 8.
Nbd2 Be7 9. dxc5 Bxc5 10. Nb3 Be7 11. Nbd4 O-O 12. Be2 Be6 13. O-O Rac8 14.
Rfd1 Rfd8 15. Qb3 Na5 16. Qxb6 axb6 17. Nd2 f5 18. Rac1 Bf6 19. Bb5 h6 20. g3
Kg7 21. h4 Nc6 22. N2f3 Ne7 23. b3 Bd7 24. Bxd7 Rxd7 25. c4 Rdd8 26. cxd5 Rxc1
27. Rxc1 Nxd5 28. Rc4 Be7 29. a4 Kf6 30. Nb5 Bc5 31. Nfd4 Nb4 32. Kf1 Nd3 33.
Ke2 Ne5 34. Rc1 Ke7 35. h5 Kf6 36. Rd1 Ng4 37. Rb1 Bb4 38. Rc1 Bc5 39. Rb1 Bb4
40. Rc1 Bc5 41. Rb1 Bb4 1/2-1/2

[Event "Chigorin Memorial"]
[Site "St Petersburg"]
[Date "2015.10.07"]
[Round "5.40"]
[White "Kotlyar, Kirill"]
[Black "Mrykhin, Igor"]
[Result "1-0"]
[WhiteElo "2370"]
[BlackElo "2146"]
[PlyCount "113"]
[EventDate "2015.10.03"]
[EventRounds "9"]
[EventCountry "RUS"]

1. c4 e5 2. g3 Nf6 3. Bg2 Bc5 4. Nc3 Bb6 5. e3 c6 6. d4 exd4 7. exd4 d5 8. cxd5
Nxd5 9. Nxd5 cxd5 10. Ne2 O-O 11. O-O Bg4 12. Be3 Qd7 13. Qd3 Bh3 14. Bxh3 Qxh3
15. Nf4 Qd7 16. Qb3 Rd8 17. Nd3 Nc6 18. Nc5 Qc8 19. Rac1 h5 20. Rfd1 h4 21. Bg5
hxg3 22. hxg3 Rd6 23. Bf4 Rg6 24. Qxd5 Qg4 25. Qe4 Rd8 26. Be3 Qxe4 27. Nxe4
Nxd4 28. Kg2 f5 29. Nc5 Ne6 30. Nxb7 Rb8 31. Bxb6 Rxb7 32. Rc8+ Kf7 33. Ba5 Rg4
34. Bc3 Ng5 35. Rd5 g6 36. f3 Ra4 37. a3 Re7 38. Bb4 Re2+ 39. Kf1 Rxb4 40. Kxe2
Rxb2+ 41. Ke3 Rb3+ 42. Rd3 Rxd3+ 43. Kxd3 Nxf3 44. Rc7+ Kf6 45. Rxa7 Ne5+ 46.
Ke3 Kg5 47. a4 Kg4 48. a5 Kxg3 49. a6 g5 50. Rg7 g4 51. a7 Nc4+ 52. Ke2 Nb6 53.
Rb7 Na8 54. Rb8 f4 55. Rxa8 Kg2 56. Rf8 f3+ 57. Ke3 1-0

[Event "Chigorin Memorial"]
[Site "St Petersburg"]
[Date "2015.10.07"]
[Round "5.41"]
[White "Shpartko, Grigory"]
[Black "Martynov, Pavel"]
[Result "0-1"]
[WhiteElo "2193"]
[BlackElo "2369"]
[PlyCount "138"]
[EventDate "2015.10.03"]
[EventRounds "9"]
[EventCountry "RUS"]

1. d4 Nf6 2. Nf3 g6 3. Nbd2 d5 4. c3 Bg7 5. e3 O-O 6. Bd3 b6 7. O-O Bb7 8. Qe2
c5 9. Ne5 Qc8 10. f4 Ba6 11. b4 Bxd3 12. Nxd3 Ne4 13. Nxe4 dxe4 14. Nf2 f5 15.
bxc5 bxc5 16. Ba3 Qa6 17. Qxa6 Nxa6 18. Rab1 Rfc8 19. Rfc1 e6 20. Kf1 Bf8 21.
Nd1 Rab8 22. Ke1 h6 23. Rxb8 Rxb8 24. Ra1 g5 25. g3 Kf7 26. Bc1 gxf4 27. gxf4
Be7 28. Nb2 cxd4 29. exd4 Rc8 30. Nd1 Nc7 31. Ne3 Nd5 32. Nxd5 exd5 33. Bd2 Rb8
34. a4 a6 35. Rc1 Ba3 36. Ra1 Bd6 37. h3 Ke6 38. Ra2 Rb1+ 39. Kf2 h5 40. Be3
Be7 41. Kg2 Rb3 42. Bd2 h4 43. Be1 Bd6 44. Bd2 Kd7 45. Kf2 Kc6 46. Ke2 Rb7 47.
Kf2 Rb8 48. Ke3 Rb1 49. Kf2 Rb7 50. Ke3 Rg7 51. Be1 Be7 52. Rh2 Rg1 53. Bf2 Ra1
54. Rg2 Rxa4 55. Rg6+ Kd7 56. Rg7 Ke6 57. Rh7 Ra2 58. Rh6+ Kd7 59. Rh7 Ke6 60.
Rh6+ Kf7 61. Rh7+ Kf8 62. Rh8+ Kg7 63. Rb8 Ba3 64. Rb1 Rc2 65. c4 dxc4 66. Bxh4
Bc1+ 67. Rxc1 Rxc1 68. Be7 Rd1 69. Bc5 c3 0-1

[Event "Chigorin Memorial"]
[Site "St Petersburg"]
[Date "2015.10.07"]
[Round "5.42"]
[White "Basencyan, Mark"]
[Black "Kokarev, Dmitry"]
[Result "0-1"]
[WhiteElo "2187"]
[BlackElo "2603"]
[PlyCount "62"]
[EventDate "2015.10.03"]
[EventRounds "9"]
[EventCountry "RUS"]

1. d4 g6 2. c4 Bg7 3. Nf3 c5 4. d5 d6 5. e4 e6 6. Be2 exd5 7. cxd5 Nf6 8. Nc3
a6 9. a4 Bg4 10. Nd2 Bxe2 11. Qxe2 O-O 12. O-O Nbd7 13. Nc4 Nb6 14. Bg5 Re8 15.
a5 Nxc4 16. Qxc4 b5 17. axb6 Qxb6 18. Ra4 Nd7 19. Bc1 Bd4 20. Kh1 Qb7 21. Ra3
Qb4 22. Qa2 Bxc3 23. bxc3 Qxe4 24. Be3 Nb6 25. Rd1 a5 26. Rxa5 Rxa5 27. Qxa5
Nxd5 28. h3 Nxe3 29. fxe3 Qxe3 30. Qc7 Qxc3 31. Qxd6 Re1+ 0-1

[Event "Chigorin Memorial"]
[Site "St Petersburg"]
[Date "2015.10.07"]
[Round "5.43"]
[White "Amonatov, Farrukh"]
[Black "Shemeakin, Alexander"]
[Result "1-0"]
[WhiteElo "2591"]
[BlackElo "2275"]
[PlyCount "99"]
[EventDate "2015.10.03"]
[EventRounds "9"]
[EventCountry "RUS"]

1. e4 e6 2. d4 d5 3. Nc3 Nf6 4. Bg5 dxe4 5. Nxe4 Nbd7 6. Nf3 h6 7. Nxf6+ Nxf6
8. Be3 Bd6 9. Bd3 b6 10. Qe2 Bb7 11. O-O-O O-O 12. Ne5 Qe7 13. f4 c5 14. c4
Rfd8 15. Rhf1 Rac8 16. Kb1 cxd4 17. Bxd4 Bc5 18. Bc3 Bb4 19. Bxb4 Qxb4 20. g4
b5 21. a3 Qc5 22. cxb5 Nd5 23. g5 Ne3 24. gxh6 g6 25. Rc1 Qd4 26. Rxc8 Rxc8 27.
Re1 Ng2 28. h7+ Kg7 29. Rf1 Nxf4 30. Qe1 f6 31. Rxf4 Qxf4 32. Nxg6 Qf3 33. Bc2
f5 34. Qg1 Kxh7 35. Ne7 Qh5 36. Nxc8 Bxc8 37. Qxa7+ Kg6 38. Qc7 Qh8 39. b6 Ba6
40. b7 Bxb7 41. Qxb7 Qxh2 42. a4 Qd2 43. Qb6 Kf6 44. Bb3 Qe1+ 45. Ka2 f4 46.
Qd8+ Kf5 47. Qf8+ Ke4 48. Bxe6 f3 49. Qf5+ Kd4 50. Qd5+ 1-0

[Event "Chigorin Memorial"]
[Site "St Petersburg"]
[Date "2015.10.07"]
[Round "5.45"]
[White "Pridorozhni, Aleksei"]
[Black "Saveliev, Alexei"]
[Result "1-0"]
[WhiteElo "2575"]
[BlackElo "2253"]
[PlyCount "101"]
[EventDate "2015.10.03"]
[EventRounds "9"]
[EventCountry "RUS"]

1. e4 c5 2. Nf3 d6 3. d4 cxd4 4. Nxd4 Nf6 5. Nc3 Nc6 6. f3 e5 7. Nb3 Be7 8. Be3
O-O 9. Qd2 a5 10. Bb5 Be6 11. O-O-O Na7 12. Be2 Nc8 13. Kb1 Nb6 14. g4 a4 15.
Nc1 a3 16. b3 Rc8 17. h4 d5 18. g5 d4 19. gxf6 Bxf6 20. Bf2 Rxc3 21. Qxc3 dxc3
22. Rxd8 Bxd8 23. Bc5 Re8 24. Bxa3 Bf6 25. Bb4 Rc8 26. a4 g5 27. Rg1 h6 28. Na2
Kh7 29. h5 Bg7 30. Nxc3 f5 31. Rd1 fxe4 32. a5 Nd7 33. Nxe4 Kh8 34. Bb5 Rc7 35.
Bd6 Rc8 36. Be7 Nb8 37. Nd6 Rc3 38. Nxb7 Nc6 39. Bxc6 Rxc6 40. Nd8 Ra6 41. Nxe6
Rxe6 42. Bd6 Re8 43. b4 g4 44. fxg4 e4 45. c4 e3 46. Kc2 Re4 47. a6 Rxc4+ 48.
Kd3 Rc6 49. a7 Rxd6+ 50. Ke2 Ra6 51. Rd8+ 1-0

[Event "Chigorin Memorial"]
[Site "St Petersburg"]
[Date "2015.10.07"]
[Round "5.46"]
[White "Mishuchkov, Nikolai M"]
[Black "Blomqvist, Erik"]
[Result "1/2-1/2"]
[WhiteElo "2295"]
[BlackElo "2530"]
[PlyCount "80"]
[EventDate "2015.10.03"]
[EventRounds "9"]
[EventCountry "RUS"]

1. d4 d5 2. Nf3 Nf6 3. c4 dxc4 4. e3 Bg4 5. Bxc4 e6 6. h3 Bh5 7. O-O a6 8. Be2
Nc6 9. b3 Bd6 10. Bb2 O-O 11. Nbd2 Nd5 12. a3 f5 13. Ne5 Nxe5 14. dxe5 Bxe2 15.
Qxe2 Be7 16. b4 Qe8 17. Nf3 a5 18. b5 a4 19. Bd4 Ra5 20. Rfb1 c5 21. bxc6 bxc6
22. Qc4 Qa8 23. Ra2 Rc8 24. Nd2 h6 25. e4 fxe4 26. Nxe4 Rb5 27. Rxb5 cxb5 28.
Qxb5 Rb8 29. Qc4 Rb3 30. Nd6 Qf8 31. Ra1 Qf4 32. Rd1 Bxd6 33. exd6 Qxd6 34.
Qxa4 Rxa3 35. Qe8+ Kh7 36. Qf7 Nf6 37. Bxf6 Qxd1+ 38. Kh2 Qd6+ 39. Kg1 Qd1+ 40.
Kh2 Qd6+ 1/2-1/2

[Event "Chigorin Memorial"]
[Site "St Petersburg"]
[Date "2015.10.07"]
[Round "5.47"]
[White "Karpenko, Artem"]
[Black "Golubov, Saveliy"]
[Result "1/2-1/2"]
[WhiteElo "2274"]
[BlackElo "2453"]
[PlyCount "77"]
[EventDate "2015.10.03"]
[EventRounds "9"]
[EventCountry "RUS"]

1. d4 Nf6 2. c4 e6 3. g3 c5 4. d5 exd5 5. cxd5 d6 6. Nc3 g6 7. Bg2 Bg7 8. Nf3
O-O 9. O-O a6 10. a4 Nbd7 11. Bf4 Qc7 12. h3 Re8 13. Qc2 Rb8 14. a5 Nh5 15. Bc1
Ne5 16. Kh2 b5 17. axb6 Rxb6 18. Nd2 Rb4 19. Na2 Rb8 20. Nc3 f5 21. f4 Nd7 22.
e4 Nb6 23. Qd1 fxe4 24. Ndxe4 Nf6 25. Ng5 Qd8 26. g4 Qe7 27. f5 gxf5 28. gxf5
Bh6 29. Ne6 Bxc1 30. Qxc1 Bb7 31. Rg1 Kh8 32. Qh6 Ng8 33. Qh5 Nf6 34. Qh6 Ng8
35. Qf4 Nf6 36. Qh6 Ng8 37. Qf4 Nf6 38. Qh6 Ng8 39. Qf4 1/2-1/2

[Event "Chigorin Memorial"]
[Site "St Petersburg"]
[Date "2015.10.07"]
[Round "5.48"]
[White "Franco Alonso, Alejandro"]
[Black "Vaseptsov, Maxim"]
[Result "1-0"]
[WhiteElo "2450"]
[BlackElo "2241"]
[PlyCount "119"]
[EventDate "2015.10.03"]
[EventRounds "9"]
[EventCountry "RUS"]

1. d4 Nf6 2. c4 b6 3. f3 Nc6 4. Nc3 e5 5. d5 Ne7 6. e4 Ng6 7. Be3 Bc5 8. Qd2 d6
9. Nge2 O-O 10. Nc1 Nh5 11. Nd3 Bxe3 12. Qxe3 Ngf4 13. Nf2 Bd7 14. g3 Ng6 15.
O-O-O a6 16. Kb1 Qe7 17. Bd3 Rfb8 18. a3 b5 19. cxb5 axb5 20. Na2 Qd8 21. Nb4
Ne7 22. Be2 Nf6 23. Nfd3 Qe8 24. Rd2 Rd8 25. Rc1 c5 26. dxc6 Bxc6 27. Nf2 Rab8
28. Nfd3 Bb7 29. Ka1 h6 30. Bd1 d5 31. Nxe5 dxe4 32. Bb3 Ned5 33. Nxd5 Bxd5 34.
f4 b4 35. Bxd5 Nxd5 36. Qxe4 bxa3 37. bxa3 Qb5 38. Nc6 Qb3 39. Qd3 Qa4 40. Nxb8
Rxb8 41. Rb2 Ra8 42. Kb1 Nf6 43. Ka2 g6 44. Rc7 Qa5 45. Rcb7 Kg7 46. R7b5 Qa6
47. Qb3 Ne4 48. Rc2 Re8 49. Qb2+ Kh7 50. Re5 Rxe5 51. Qxe5 Qd3 52. Qc7 Kg7 53.
Qc4 Qe3 54. a4 Kg8 55. Qb3 Qa7 56. Qb4 Nf6 57. Rd2 Kh7 58. Qd4 Qa6 59. Ka3 Ne8
60. Qd5 1-0

[Event "Chigorin Memorial"]
[Site "St Petersburg"]
[Date "2015.10.07"]
[Round "5.49"]
[White "Arslanov, Shamil"]
[Black "Ivlev, Aleksey"]
[Result "1-0"]
[WhiteElo "2416"]
[BlackElo "2215"]
[PlyCount "105"]
[EventDate "2015.10.03"]
[EventRounds "9"]
[EventCountry "RUS"]

1. d4 Nf6 2. c4 e6 3. Nc3 c5 4. d5 exd5 5. cxd5 d6 6. e4 g6 7. f4 Bg7 8. Bb5+
Nfd7 9. Nf3 a6 10. Bd3 b5 11. O-O O-O 12. Kh1 c4 13. Bc2 Nc5 14. Be3 Nbd7 15.
Bd4 Re8 16. Bxg7 Kxg7 17. Qd4+ f6 18. b4 cxb3 19. axb3 Qb6 20. b4 Nb7 21. Qd3
Ra7 22. Nd4 Nd8 23. Ne6+ Nxe6 24. dxe6 Rxe6 25. Bb3 Re8 26. Nd5 Qb8 27. Rac1 a5
28. Qd4 axb4 29. g4 Bb7 30. Rc7 Qxc7 31. Nxc7 Bxe4+ 32. Kg1 Rxc7 33. Qxd6 Rb7
34. Re1 Nb6 35. g5 Nc4 36. gxf6+ Kg8 37. Qxb4 Kf7 38. Bxc4+ bxc4 39. Qxc4+ Kxf6
40. Rxe4 Rxe4 41. Qxe4 Re7 42. Qd4+ Kf5 43. Qc5+ Kf6 44. Qc3+ Kf5 45. Qh3+ Kf6
46. Qh4+ Ke6 47. Kg2 Rf7 48. Kg3 Rc7 49. Kg4 Rd7 50. Qh3 Kf6 51. Qc3+ Kf7 52.
Qh8 h5+ 53. Kg5 1-0